Empire, hegemony and globalization in the Americas /

La historia del poder de los EEUU en América Latina y el Caribe, puede iluminar la comprensión de las formas en que interactúan la globalización, el imperio y la hegemonía. Tal parece ser el legado de las intervenciones militares y las alianzas con los grupos económicos en el subcontinente, a los cu...

Ful tanımlama

Kaydedildi:
Detaylı Bibliyografya
Yazar: Knight, Alan
Materyal Türü: Metin
Konular:
Etiketler: Etiketle
Etiket eklenmemiş, İlk siz ekleyin!

MARC

LEADER 00000 a a2200000 04500
001 10043
003
040
100 |a Knight, Alan  
245 |a Empire, hegemony and globalization in the Americas /  |c Alan Knight 
520 |a La historia del poder de los EEUU en América Latina y el Caribe, puede iluminar la comprensión de las formas en que interactúan la globalización, el imperio y la hegemonía. Tal parece ser el legado de las intervenciones militares y las alianzas con los grupos económicos en el subcontinente, a los cuales muchas veces se les ha tolerado su autoritarismo y políticas regresivas, con tal de asegurar la hegemonía y el poder político de los EEUU. La consideración de tales asimetrías en la aplicación de los conceptos de democracia y libertad se torna relevante en la coyuntura actual, en donde la globalización y la apertura son exigidos, pero en un contexto en el que el proteccionismo y la estrangulación de los flujos de mano de obra hacia los EEUU contradice tales principios, como clara muestra de los privilegios y prerrogativas del poder imperial  
650 |a GLOBALIZACION  
650 |a PODER POLITICO  
650 |a HEGEMONIA  
650 |a IMPERIALISMO  
650 |a ELITE  
773 |g volumen 39, número 2; páginas 8-12  
999 |c 40153  |d 40153